EU cohesion policy (Record no. 29859)

MARC details
000 -LEADER
fixed length control field 00598nam a2200181Ia 4500
020 ## - INTERNATIONAL STANDARD BOOK NUMBER
ISBN 9781802209396
050 ## - CALL MARK
Classification number HC 240 .E85/
100 ## - STATEMENT OF RESPONSIBILITY--MAIN AUTHOR NAME
Personal name Edited by Nicola Francesco Dotti; Ida MusiaƂkowska;Sonia De Gregorio Hurtado;Julia Walczyk
245 #0 - TITLE STATEMENT
Title EU cohesion policy
260 ## - PUBLICATION, DISTRIBUTION, ETC. (IMPRINT)
Place of publication Cheltenham
260 ## - PUBLICATION, DISTRIBUTION, ETC. (IMPRINT)
Name of publisher Edward Elgar Publishing
260 ## - PUBLICATION, DISTRIBUTION, ETC. (IMPRINT)
Year of publication 2024
300 ## - PHYSICAL DESCRIPTION
Number of Pages 356 p
650 ## - SUBJECT ADDED ENTRY--TOPICAL TERM
Topical Term Regional planning--European Union countries. European Union countries--Economic conditions--Regional disparities.
942 ## - ADDED ENTRY ELEMENTS (KOHA)
Koha item type Books
Holdings
Withdrawn status Lost status Source of classification or shelving scheme Damaged status Not for loan Permanent Location Current Location Shelving location Date acquired Accession Number Price effective from Koha item type
    Library of Congress Classification     NILE UNIVERSITY OF NIGERIA - MAIN LIBRARY NILE UNIVERSITY OF NIGERIA - MAIN LIBRARY Items on shelf 04/23/2025 0197652 04/23/2025 Books